[Event "ROM-ch U14"]
[Site "Calimanesti Caciulata"]
[Date "2019.04.21"]
[Round "8"]
[White "Iordachescu, Radu Teodor"]
[Black "Ivascu, Eric Nicolas"]
[Result "1-0"]
[WhiteElo "1055"]
[BlackElo "1001"]
[PlyCount "58"]
[EventDate "2019.04.15"]
[EventType "swiss"]
[EventRounds "9"]
[EventCountry "ROU"]
[SourceTitle "CBM 190 Extra"]
[Source "ChessBase"]
[SourceDate "2019.07.15"]
[SourceVersion "1"]
[SourceVersionDate "2019.07.15"]
[SourceQuality "1"]

1. e4 e5 2. Nf3 Nc6 3. Bc4 Nf6 4. Ng5 h6 5. Nxf7 Ke7 6. Nxd8 Kxd8 7. Nc3 Bc5 8. 0-0 Rf8 9. d3 d6 10. h3 g5 11. Nd5 Nxd5 12. exd5 Nd4 13. Be3 Rg8 14. Bxd4 Bxd4 15. c3 Bc5 16. b4 Bb6 17. d4 g4 18. hxg4 Bxg4 19. Be2 Bh3 20. Bf3 Ke7 21. Kh2 Bd7 22. Bh5 Rg5 23. f4 Rg7 24. fxe5 Rag8 25. exd6+ Kxd6 26. Rf6+ Ke7 27. Qf3 Kd8 28. Rf1 a6 29. Rf8+ Be8 1-0

[Event "ROM-ch U12"]
[Site "Calimanesti"]
[Date "2018.04.03"]
[Round "9"]
[White "Udrea, Hristofor"]
[Black "Iordachescu, Radu Teodor"]
[Result "1-0"]
[WhiteElo "1124"]
[BlackElo "1036"]
[PlyCount "91"]
[EventDate "2018.03.27"]
[EventType "swiss"]
[EventRounds "9"]
[EventCountry "ROU"]
[SourceTitle "CBM 183 Extra"]
[Source "ChessBase"]
[SourceDate "2018.04.19"]
[SourceVersion "1"]
[SourceVersionDate "2018.04.19"]
[SourceQuality "1"]

1. d4 d5 2. c4 Nf6 3. Nc3 e6 4. e3 Bd6 5. Nf3 0-0 6. Bd3 Nc6 7. cxd5 exd5 8. 0-0 Qe7 9. Qc2 h6 10. a3 Bg4 11. Nd2 Qe6 12. e4 dxe4 13. Ndxe4 Nxe4 14. Bxe4 Nxd4 15. Qd3 Nf5 16. h3 Qe5 17. f4 Qc5+ 18. Kh2 Bh5 19. Bxf5 Rad8 20. Qe3 Qxf5 21. g4 Rfe8 22. Qxe8+ Rxe8 23. gxf5 Be2 24. Re1 Bb5 25. Rxe8+ Bxe8 26. Be3 b6 27. Re1 Bd7 28. Ne4 Bxf5 29. Nxd6 cxd6 30. Rd1 Kf8 31. Rxd6 Ke7 32. Rd2 Be6 33. Bd4 f6 34. Re2 g6 35. Rc2 Kd6 36. Bxf6 h5 37. Be5+ Kd7 38. Rc7+ Ke8 39. Rxa7 Bd7 40. Kg3 Ke7 41. Kh4 Ke8 42. b4 Bf5 43. Rb7 Kd8 44. Rxb6 Kd7 45. a4 Ke7 46. a5 1-0

[Event "ROM-ch U12"]
[Site "Calimanesti"]
[Date "2018.03.27"]
[Round "1"]
[White "Iordachescu, Radu Teodor"]
[Black "Baciu, Daniel"]
[Result "0-1"]
[WhiteElo "1036"]
[BlackElo "1478"]
[PlyCount "98"]
[EventDate "2018.03.27"]
[EventType "swiss"]
[EventRounds "9"]
[EventCountry "ROU"]
[SourceTitle "CBM 183 Extra"]
[Source "ChessBase"]
[SourceDate "2018.04.19"]
[SourceVersion "1"]
[SourceVersionDate "2018.04.19"]
[SourceQuality "1"]

1. e4 c5 2. Bc4 Nc6 3. Nf3 g6 4. Nc3 Bg7 5. d3 d6 6. Be3 Nf6 7. 0-0 0-0 8. Qd2 Na5 9. Bb3 Nxb3 10. axb3 Bd7 11. Bh6 a6 12. Nd5 Nxd5 13. Bxg7 Kxg7 14. exd5 e6 15. c4 b5 16. Qa5 Qxa5 17. Rxa5 exd5 18. cxd5 Rfe8 19. Re1 Rxe1+ 20. Nxe1 Re8 21. Nf3 Bc8 22. h3 Re2 23. Ra2 Bb7 24. d4 Bxd5 25. dxc5 dxc5 26. Rxa6 Rxb2 27. Rb6 Bxf3 28. gxf3 Rxb3 29. Kf1 b4 30. Ke1 Rxf3 31. Ke2 Rxh3 32. Rb5 Rc3 33. Kd2 h5 34. f4 h4 35. Ke2 h3 36. Kf2 b3 37. Kg1 c4 38. Kh1 Rc2 39. Rb4 b2 40. f5 Rc1+ 41. Kh2 b1Q 42. Rxb1 Rxb1 43. fxg6 c3 44. gxf7 c2 45. f8Q+ Kxf8 46. Kxh3 c1Q 47. Kh4 Qg1 48. Kh3 Rb2 49. Kh4 Rh2# 0-1